000 01082nam a2200217Ia 4500
003 Ost
005 20260507075046.0
008 260507s9999||||xx |||||||||||||| ||und||
040 _cfsecg
041 _aara
082 _a200
100 _aأبو زيد، كمال خليفة
_eمؤلف
245 0 _aدراسات نظرية وتطبيقية في محاسبة الزكاة /
_c كمال خليفة أبو زيد
260 _aالإسكندرية:
_bدار الجامعة الجديدة,
_c2002
300 _a402 صفحة؛
_bإيضاحات ؛
_c24 سم
520 _aالتعريف بزكاة المال-زكاة الثروة النقدية-زكاة عروض التجارة-زكاة الثروة الحيوانية-زكاة الثروة الزراعية-زكاة كسب المال-زكاة المستغلات-زكاة الثروة المعدنية والبحرية-آثار الزكاة وتطبيقاتها العملية
653 _aالزكاة
653 _aالمحاسبة
700 _aعلي حسين، أحمد حسين
_eمؤلف ثانوي
942 _cكتاب
999 _c42572
_d42572